000 00300nam a22001337a 4500
008 181224b xxu||||| |||| 00| 0 eng d
020 _a9780534215644
041 _aeng
080 _27th
_a510
100 _a36
101 _aMAT
245 _aThe Nature of Mathematics
_cSmith,K.J
942 _2udc
_cBK
999 _c53702
_d53702